00946cam a22002414a 4500020002800000020003600028040000800064082002600072245008900098260004000187300005100227490001200278500012500290650001800415650001100433650002600444700002200470700002600492700002100518710003900539856005800578856006800636 a1559630663 (alk. paper) a1559630655 (cloth : alk. paper) cDLC00a577 ISL 2003 A061 Or.00aInteractions of the major biogeochemical cycles :bglobal change and human impacts / aWashington :bIsland Press,cc2003. axxi, 357 p. :bill. (some col.), map ;c24 cm.1 aSCOPE ; a"A project of SCOPE, the Scientific Committee on Problems of the Environment, of the International Council for Science." 0aHuman ecology 0aNature 0aBiogeochemical cycles1 aMelillo, Jerry M.1 aField, Christopher B.1 aMoldan, Bedrich.2 aInternational Council for Science.41uhttp://www.loc.gov/catdir/toc/ecip047/2003016784.html42uhttp://www.loc.gov/catdir/enhancements/fy0631/2003016784-d.html